Państwa europejskie które zostały wspomniane w powieści "Harry Potter" - Statystyki

Ogólne statystyki
  • Ten quiz został rozwiązany 208 razy
  • Średni wynik to 9 z 13
Statystyki odpowiedzi
Państwo % Poprawnych
Wielka Brytania
91%
Francja
90%
Polska
90%
Irlandia
82%
Niemcy
75%
Bułgaria
72%
Włochy
67%
Norwegia
63%
Szwecja
61%
Rumunia
60%
Albania
51%
Grecja
51%
Węgry
46%
Nie znaleziono quizów pasujących do podanych kryteriów
Rozkład punktacji
Procent ludzi z każdym wynikiem
Percentyl według liczby udzielonych odpowiedzi
Twoja historia wyników
Nie rozwiązałeś tego quizu